Opravné položky k pohledávkám v cizí měně

Problematika účtovania pohľadávok v cudzej mene a s ňou súvisiace účtovanie opravných položiek. Postúpenie a odpis pohľadávky. Pohľadávky a závierkový prepočet. Príklady.

Saved in:
Bibliographic Details
Main Author: Líbal, Tomáš
Format: Book Chapter
Language:Czech
Subjects:
Tags: Add Tag
No Tags, Be the first to tag this record!

MARC

LEADER 00000naa a2200000 4500
001 0159860
005 20230925093837.7
041 0 |a cze 
044 |a CZ 
245 1 0 |a Opravné položky k pohledávkám v cizí měně  |c Tomáš Líbal 
520 |a Problematika účtovania pohľadávok v cudzej mene a s ňou súvisiace účtovanie opravných položiek. Postúpenie a odpis pohľadávky. Pohľadávky a závierkový prepočet. Príklady. 
610 2 0 |a účtovanie 
610 2 0 |a pohľadávky 
610 2 0 |a položky opravné 
610 2 0 |a postupy účtovné 
610 2 0 |a zápisy účtovné podvojné 
610 2 0 |a závierka účtovná 
100 1 |a Líbal, Tomáš